Christ: (Record no. 5917)

000 -LEADER
fixed length control field 00697nam a2200193 a 4500
001 - CONTROL NUMBER
control field :::00003660$&:&@@
003 - CONTROL NUMBER IDENTIFIER
control field OkBaRHE
005 - DATE AND TIME OF LATEST TRANSACTION
control field 20000607103309.0
008 - FIXED-LENGTH DATA ELEMENTS--GENERAL INFORMATION
fixed length control field s1913 j 000 0 eng u
040 ## - CATALOGING SOURCE
Transcribing agency
100 1# - MAIN ENTRY--PERSONAL NAME
Personal name Walker, W. L.,
245 10 - TITLE STATEMENT
Title Christ:
Remainder of title the creative ideal.
Statement of responsibility, etc Studies in Colossians and Ephesians.
260 ## - PUBLICATION, DISTRIBUTION, ETC. (IMPRINT)
Place of publication, distribution, etc Edinburgh, UK:ST., :
Name of publisher, distributor, etc T. & T. Clark
Date of publication, distribution, etc 1913
300 ## - PHYSICAL DESCRIPTION
Extent 236 p. ;
Dimensions 22 cm.
650 ## - SUBJECT ADDED ENTRY--TOPICAL TERM
Topical term or geographic name as entry element Bible New Testament Colossians
General subdivision Criticism, Interpretation, etc.
650 ## - SUBJECT ADDED ENTRY--TOPICAL TERM
Topical term or geographic name as entry element Bible New Testament Ephesians
General subdivision Criticism, Interpretation, etc.
942 ## - ADDED ENTRY ELEMENTS (KOHA)
Source of classification or shelving scheme
Koha item type Books
Copies
Copy number Withdrawn status Barcode Damaged status Full call number Source of classification or shelving scheme Price effective from Shelving location Koha item type Permanent Location Date acquired Lost status Date last seen Not for loan
1 3660 BS 2715 .W288 2010-04-14General StacksBooksRHEMA Bible Training College2010-04-14 2018-04-03